header

Coastal engineering practice (Record no. 82426)

MARC details
000 -LEADER
fixed length control field 01529nam a2200301 a 4500
245 10 - TITLE STATEMENT
Title Coastal engineering practice
260 ## - PUBLICATION, DISTRIBUTION, ETC. (IMPRINT)
Place of publication Reston, Va. :
Name of publisher American Society of Civil Engineers,
Year of publication 2011.
300 ## - PHYSICAL DESCRIPTION
Number of Pages 1119 p. :
Other physical details col. ill.
650 #0 - SUBJECT ADDED ENTRY--TOPICAL TERM
Topical Term Coastal engineering
700 1# - ADDED ENTRY--PERSONAL NAME
Personal name Magoon, Orville T.
856 40 - ELECTRONIC LOCATION AND ACCESS
Uniform Resource Identifier http://site.ebrary.com/lib/rucke/Doc?id=10569706

No items available.

© 2026 Rongo University
Contact us: librarian | system librarian | Rongo university